Tanečný kongres - Tanec.SK 2016/2017 a odborné sympóziá absolventi Katedry tanečnej tvorby a ich prínos pre rozvoj tanečného umenia na Slovensku : zborník príspevkov z tretieho slovenského tanečného kongresu a odborných sympózií s medzinárodnu účasťou : 1. októbra 2016, 10. a 11. februára 2017, 17. a 18. marca 2017, Vysoká škola múzických umení, Koncertná sieň Dvorana

Bibliographic Details
Corporate Author: Tanec.SK Bratislava, Slovensko (Author)
Other Authors: Liszkayová, Ivica, 1962- (Compiler, Editor)
Format: Conference Proceeding Book
Language:Slovak
Czech
PhysicalDescription:234, 10 nečíslovaných strán 25 cm
Published: Bratislava Vysoká škola výtvarných umení v Bratislave 2018
ISBN:9788081950346
Edition:1. vydanie
Subjects:

MARC

LEADER 00000cam a2200000 4500
001 vtls011838689
003 SK-MaSNL
005 20260301143415.0
008 210624s2018 xo frn 100 0dslo
015 |a SNBA2019/02 
020 |a 9788081950346  |q (brožované) 
035 |a 181A6CE9-8F6F-41FC-B930-0718F171B495 
035 |a urn:nbn:sk:snk-am3ie03 
035 |a urn:nbn:sk:snk-am00e6gb 
040 |a SNK  |b slo  |c SNK  |e rda 
041 0 |a slo  |a cze 
044 |a xo  |c SK 
072 7 |a 793.3  |x Pohybové umenie. Tanec  |2 konspekt 
080 |a 793.3  |2 2011 
080 |a (062.534)  |2 2011 
080 |a 37.091.3  |2 2011 
080 |a 793.3(091)  |2 2011 
080 |a 929  |2 2011 
111 2 |a Tanec.SK  |n (3. :  |d 2016/2017 :  |c Bratislava, Slovensko)  |4 aut  |9 500323 
245 1 0 |a Tanečný kongres - Tanec.SK 2016/2017 a odborné sympóziá  |b absolventi Katedry tanečnej tvorby a ich prínos pre rozvoj tanečného umenia na Slovensku : zborník príspevkov z tretieho slovenského tanečného kongresu a odborných sympózií s medzinárodnu účasťou : 1. októbra 2016, 10. a 11. februára 2017, 17. a 18. marca 2017, Vysoká škola múzických umení, Koncertná sieň Dvorana  |c zostavovateľka zborníka: Ivica Liszkayová 
246 3 0 |a Absolventi Katedry tanečnej tvorby a ich prínos pre rozvoj tanečného umenia na Slovensku 
250 |a 1. vydanie 
264 1 |a Bratislava  |b Vysoká škola výtvarných umení v Bratislave  |c 2018 
300 |a 234, 10 nečíslovaných strán  |c 25 cm 
336 |a text  |b txt  |2 rdacontent 
337 |a bez média  |b n  |2 rdamedia 
338 |a zväzok  |b nc  |2 rdacarrier 
500 |a Obsahuje biografické údaje o autoroch príspekvoch 
504 |a Obsahuje bibliografiu ; bibliografické odkazy ; poznámky 
546 |a Čiastočný text v češtine 
650 0 7 |a tanec  |2 SNKPH  |9 743 
650 0 7 |a štúdium a výučba  |2 SNKPH  |9 3982 
650 0 7 |a dejiny tanca  |2 SNKPH  |9 112235 
650 0 7 |a Dance  |2 SNKPHeng  |9 302924 
650 0 7 |a Study and teaching  |2 SNKPHeng  |9 265408 
650 0 7 |a History of dance  |2 SNKPHeng  |9 434097 
650 0 7 |a osobnosti  |2 SNKPH  |9 29820 
650 0 7 |a Celebrities  |2 SNKPHeng  |9 265203 
655 7 |a zborníky konferencií  |2 SNKPH  |9 70153 
655 7 |a Proceedings of conferences  |2 SNKPHeng  |9 265791 
700 1 |a Liszkayová, Ivica,  |d 1962-  |4 com  |4 edt  |9 181034 
919 |a 978-80-8195-034-6 
958 |a NB 
958 |a CZ 
999 |c 773549  |d 775479 
952 |a SNK  |b SNK  |y PREZ  |7 0  |p 17A1359370  |o snkSC 182780  |i snk2019/3104  |8 0  |0 0  |1 0  |4 0  |d 2019-02-04  |f 1  |l 0  |r 2026-02-24 00:41:49  |w 2026-02-24